Detalles MARC
| 000 -LEADER |
| fixed length control field |
03332nam a2200445Ii 4500 |
| 001 - CONTROL NUMBER |
| control field |
DIGDYK0529 |
| 003 - CONTROL NUMBER IDENTIFIER |
| control field |
NyNyDIG |
| 008 - FIXED-LENGTH DATA ELEMENTS--GENERAL INFORMATION |
| fixed length control field |
170921s2013 sp a ob 000 0 spa d |
| 006 - FIXED-LENGTH DATA ELEMENTS--ADDITIONAL MATERIAL CHARACTERISTICS |
| fixed length control field |
m o d |
| 007 - PHYSICAL DESCRIPTION FIXED FIELD--GENERAL INFORMATION |
| fixed length control field |
cr ||||||||||| |
| 035 ## - SYSTEM CONTROL NUMBER |
| System control number |
(OCoLC)876138918 |
| 040 ## - CATALOGING SOURCE |
| Original cataloging agency |
DGITA |
| Language of cataloging |
eng |
| Description conventions |
rda |
| -- |
pn |
| Transcribing agency |
DGITA |
| 020 ## - INTERNATIONAL STANDARD BOOK NUMBER |
| International Standard Book Number |
9788490316801 |
| Qualifying information |
(eBook ; |
| -- |
pdf) |
| 020 ## - INTERNATIONAL STANDARD BOOK NUMBER |
| International Standard Book Number |
8490316805 |
| Qualifying information |
(eBook ; |
| -- |
pdf) |
| 020 ## - INTERNATIONAL STANDARD BOOK NUMBER |
| Canceled/invalid ISBN |
9788490314203 |
| 020 ## - INTERNATIONAL STANDARD BOOK NUMBER |
| Canceled/invalid ISBN |
8490314209 |
| 043 ## - GEOGRAPHIC AREA CODE |
| Geographic area code |
f------ |
| 050 14 - LIBRARY OF CONGRESS CALL NUMBER |
| Classification number |
P92.A35 ebook |
| 082 04 - DEWEY DECIMAL CLASSIFICATION NUMBER |
| Classification number |
304 |
| 245 03 - TITLE STATEMENT |
| Title |
La espiral comunicativa, educativa y migratoria para África / |
| Statement of responsibility, etc. |
Guillermina Franco Álvarez y David García Martul, coordinadores. |
| 264 #1 - PRODUCTION, PUBLICATION, DISTRIBUTION, MANUFACTURE, AND COPYRIGHT NOTICE |
| Place of production, publication, distribution, manufacture |
Madrid : |
| Name of producer, publisher, distributor, manufacturer |
Dykinson, S.L. ; |
| Place of production, publication, distribution, manufacture |
[Las Palmas (Canary Islands)] : |
| Name of producer, publisher, distributor, manufacturer |
Casa África, |
| Date of production, publication, distribution, manufacture, or copyright notice |
[2013] |
| 300 ## - PHYSICAL DESCRIPTION |
| Extent |
1 online resource : |
| Other physical details |
illustrations. |
| 336 ## - CONTENT TYPE |
| Content type term |
text |
| Content type code |
txt |
| Source |
rdacontent |
| 337 ## - MEDIA TYPE |
| Media type term |
computer |
| Media type code |
c |
| Source |
rdamedia |
| 338 ## - CARRIER TYPE |
| Carrier type term |
online resource |
| Carrier type code |
cr |
| Source |
rdacarrier |
| 504 ## - BIBLIOGRAPHY, ETC. NOTE |
| Bibliography, etc. note |
Includes bibliographical references. |
| 505 0# - FORMATTED CONTENTS NOTE |
| Formatted contents note |
Alfabetización informacional y mediática en una comunidad inmigrante senegalesa : una propuesta de alfabetización mediático-informacional con la plataforma educativa e-senegalaise / David García Martul y Guillermina Franco Álvarez -- El diseño de una plataforma e-learning para migrantes senegaleses con un interfaz basado en objetos de aprendizaje asociados a su cultura / Guillermina Franco Álvarez y David García Martul -- Aproximación sociolingüística a la alternancia de código en el discurso de los inmigrantes senegaleses que residen en el barrio de Lavapiés / Back Sene Thiandoum -- Migraciones senegalesas y transnacionalismo : la contribución de los inmigrantes senegaleses al desarrollo / Maguemati Wabgou -- Sembene y Keïta : cruce de caminos en el cine migratorio senegalés / Nekane Parejo Jiménez -- Paulo Freire en África : comunicación, cambio social y ciudadanía / Alejandro Barranquero -- La extensión social de las bibliotecas en la cooperación al desarrollo : la fundación Sur / Rafael Sánchez Sanz -- Cooperación en comunicación en el contexto africano : una propuesta de reflexión crítica / Rosalba Mancinas Chávez y Belén Zurbano Berenguer -- Cineastas de ayer y de hoy : "Vibilizando" a las mujeres africanas / Sikitu Massimango Mweze -- E-Senegalaise : plataforma e-learning para subsaharianos / Francisco Royo Velasco -- La narrativa visual en la divulgación científica : el tratamiento infográfico de la malaria en los medios / Guillermina Franco Álvarez y David García Martul. |
| 588 0# - SOURCE OF DESCRIPTION NOTE |
| Source of description note |
Online resource; title from PDF title page (Digitalia, viewed September 21, 2017) |
| 650 #0 - SUBJECT ADDED ENTRY--TOPICAL TERM |
| Topical term or geographic name entry element |
Education |
| Geographic subdivision |
Africa. |
| 651 #0 - SUBJECT ADDED ENTRY--GEOGRAPHIC NAME |
| Geographic name |
Africa |
| General subdivision |
Emigration and immigration. |
| 655 #0 - INDEX TERM--GENRE/FORM |
| Genre/form data or focus term |
Electronic books. |
| 700 1# - ADDED ENTRY--PERSONAL NAME |
| Personal name |
Franco Álvarez, Guillermina, |
| Relator term |
editor. |
| 700 1# - ADDED ENTRY--PERSONAL NAME |
| Personal name |
García Martul, David, |
| Relator term |
editor. |
| 791 2# - |
| -- |
Digitalia (Firm), |
| -- |
distributor. |
| 793 0# - |
| -- |
Digitalia eBook Collection: |
| -- |
Dykinson Editorial |
| 776 08 - ADDITIONAL PHYSICAL FORM ENTRY |
| Relationship information |
Print version: |
| Title |
Espiral comunicativa, educativa y migratoria para África. |
| Place, publisher, and date of publication |
Madrid : Dykinson ; [Las Palmas (Canary Islands)] : Casa África, 2013 |
| International Standard Book Number |
9788490314203 |
| Record control number |
(DLC) 2013429327 |
| -- |
(OCoLC)857386839 |
| 856 40 - ELECTRONIC LOCATION AND ACCESS |
| Materials specified |
Digitalia Hispánica |
| Uniform Resource Identifier |
<a href="https://www.digitaliapublishing.com/a/24274/">https://www.digitaliapublishing.com/a/24274/</a> |
| 910 ## - USER-OPTION DATA (OCLC) |
| User-option data |
Premium collection: 2017 |
| 942 ## - ADDED ENTRY ELEMENTS (KOHA) |
| Koha item type |
Recurso Electrónico |